Economía de redes y redes económicas: las comunidades chinas en América Latina /

El artículo plantea que las redes económicas son la expresión fáctica de flujos de información verificables entre comunidades entrelazadas por lazos étnico-culturales. A su vez, se analiza el rol de las comunidades chinas de ultramar, actores no estatales relevantes que crean riqueza y funcionan com...

Fuld beskrivelse

Guardado en:
Bibliografiske detaljer
Hovedforfatter: Cesarin, Sergio
Format: Texto
Fag:
Tags: Tilføj Tag
Ingen Tags, Vær først til at tagge denne postø!

MARC

LEADER 00000 a a2200000 04500
001 44922
003
040
100 |a Cesarin, Sergio  
245 |a Economía de redes y redes económicas:   |b las comunidades chinas en América Latina /  |c Sergio Cesarin  
520 |a El artículo plantea que las redes económicas son la expresión fáctica de flujos de información verificables entre comunidades entrelazadas por lazos étnico-culturales. A su vez, se analiza el rol de las comunidades chinas de ultramar, actores no estatales relevantes que crean riqueza y funcionan como vectores de la expansión de los valores e intereses económicos de China en el mundo.  
590 |a RRH/JUNIO2013  
650 |a 1.REDES  
650 |a 2.CULTURA  
650 |a 3.COMERCIO  
650 |a 4.RELACIONES INTERNACIONALES  
650 |a 5.CHINA  
650 |a 6.AMERICA LATINA  
773 |g número228 ( , 2010), páginas 100-115  
999 |c 26989  |d 26989